000 00202 a2200097 4500
001 32578
100 _aSadat
245 _aIn search of Identify
260 _alondon
_bcollins
_c
090 _c21794
_d21794
942 _aNUST-CAE
_cM
_c13107
999 _c267651
_d267651